| 000 | 00919pam a2200265 a 4500 | ||
|---|---|---|---|
| 999 |
_c1936 _d1936 |
||
| 001 | 1981242 | ||
| 003 | GZU | ||
| 005 | 20201026091428.0 | ||
| 008 | 890908s1990 njua b 001 0 eng | ||
| 010 | _a 89027439 | ||
| 020 | _a039103670X | ||
| 040 |
_aDLC _cDLC _dDLC |
||
| 050 | 0 | 0 |
_aHD 75 _b.WEB 1990 |
| 082 | 0 | 0 |
_a306.3 _220 |
| 100 | 1 |
_aWebster, Andrew, _d1951- |
|
| 245 | 1 | 0 |
_aIntroduction to the sociology of development / _cAndrew Webster. |
| 250 | _a2nd ed. | ||
| 260 |
_aAtlantic Highlands, NJ : _bHumanities Press International, _c1990. |
||
| 300 |
_axiii, 224 p. : _bill. ; _c22 cm. |
||
| 504 | _aIncludes bibliographical references (p. 209-219) and indexes. | ||
| 650 | 0 |
_aEconomic development _xSociological aspects. |
|
| 906 |
_a7 _bcbc _corignew _d1 _eocip _f19 _gy-gencatlg |
||
| 942 |
_2lcc _cBK _e2nd ed. _h75 _iWEB _kHD |
||